[Event "Bundesliga 9899"]
[Site "Germany"]
[Date "1998.11.21"]
[Round "3.2"]
[White "Sadler, Matthew D"]
[Black "Krasenkow, Michal"]
[Result "0-1"]
[WhiteElo "2650"]
[BlackElo "2660"]
[Annotator "Stohl,I"]
[PlyCount "78"]
[EventDate "1998.10.17"]
[EventType "team-tourn"]
[EventRounds "15"]
[EventCountry "GER"]
[SourceTitle "GER-chT"]
[Source "ChessBase"]
[SourceDate "1999.07.01"]
[SourceVersion "1"]
[SourceVersionDate "1999.07.01"]
[SourceQuality "1"]
[WhiteTeam "Solingen"]
[BlackTeam "Bochum"]
[WhiteTeamCountry "GER"]
[BlackTeamCountry "GER"]

1. d4 d5 2. c4 e6 3. Nc3 c6 4. Nf3 ({Sadler has never played the Slav gambit} 
4. e4 $5 dxe4 5. Nxe4 Bb4+ 6. Bd2 Qxd4 7. Bxb4 Qxe4+ 8. Be2 $132 ({or} 8. Ne2
$5 {before.})) ({To his usual Meran-like} 4. e3 {Krasenkov often reacts with}
f5 $5 {With the hemmed-in Bc1 the Stonewall setup is more justified.}) 4...
dxc4 $5 {Even here Krasenkov avoids the Meran and goes for the ultra-sharp
Noteboom variation.} 5. a4 (5. e4 $6 b5 6. Bg5 Qb6 $5 $15) 5... Bb4 6. e3 ({
Even now} 6. e4 b5 {is connected with a pawn sacrifice.}) 6... b5 7. Bd2 (7.
Ne5 Nf6 8. Qf3 Qd5 $1 9. Qg3 O-O $15) 7... a5 ({Usually only a transposition
of moves is} 7... Bb7 8. b3 a5 9. axb5 ({as only equal is} 9. bxc4 bxc4 $5 10.
Bxc4 Nf6 11. O-O O-O 12. Qe2 c5 13. dxc5 Nbd7 14. c6 Bxc6 15. Nd4 Bb7 16. Rfc1
Qe7 17. Bb5 Rfc8 $11 {Spraggett,K-Klinger,J/Wien op/1986/})) ({A risky
independent try is} 7... Qe7 $6 8. axb5 Bxc3 9. Bxc3 cxb5 10. d5 Nf6 11. d6 $1
Qb7 12. b3 (12. Qd4 $5 $44) 12... O-O 13. Bxf6 gxf6 14. Qd4 e5 15. Qh4 Kg7 16.
bxc4 bxc4 17. Bxc4 Qb4+ 18. Nd2 Qxd6 19. O-O f5 20. Rfd1 Nd7 21. Ne4 Qg6 22.
Rd6 f6 23. Bd5 Rb8 24. Ng3 Kh8 25. h3 $44 {Gurevich,M-Malisauskas,V/Lvov/1987/}
) 8. axb5 Bxc3 9. Bxc3 ({Here the pawn sacrifice is more justified:} 9. bxc3 $5
cxb5 10. Ne5 Nf6 11. Qf3 Qd5 (11... Ra7 12. Qg3 O-O 13. Nxc4 Nc6 $5 $13) 12.
Qg3 O-O 13. f3 Qd8 14. e4 Ne8 15. Be2 Bb7 16. O-O f6 17. Ng4 Nd7 18. Rab1 Ba6
19. Bc1 Kh8 20. Ba3 Rf7 21. f4 Qc7 22. Qh3 f5 23. Ne3 g6 24. d5 $1 $36 {
Naumann,A-Lipinsky,F/JBL NO9596/1995/}) 9... cxb5 10. b3 Bb7 11. bxc4 {The
first critical position. White has an even more aggressive choice:} (11. d5 $5
Nf6 12. bxc4 b4 13. Bxf6 Qxf6 14. Qa4+ Nd7 15. Nd4 e5 $142 ({Hazardous is} 
15... Ke7 $6 16. d6+ Kxd6 17. Rd1 Rhd8 18. c5+ Nxc5 19. Qb5 Rdc8 20. Nf5+ Ke5
21. Nd6 Bd5 22. Nxc8 Rxc8 {Babula,V-Zurek,M/Pardubice op/1996/} 23. Qxa5 Qh4 $5
(23... b3 24. f3 $16) (23... Ne4 $2 24. f4+ Kf5 25. Rxd5+ $1 $18) 24. Qa1+ Kd6
25. Be2 $5 $14) 16. Nb3 Ke7 17. Be2 (17. Qb5 $6 Ba6 18. Qxa5 Rhb8 19. d6+ Ke8
$1 20. Qd5 Bb7 21. Qd2 Rxa1+ 22. Nxa1 Nc5 23. d7+ Kd8 24. Qxb4 Qd6 25. Qd2 Qa6
26. Qb2 Qa5+ {0-1, Serebrjanik,A-Maksimenko,A/Vrnjacka Banja/1991/}) 17... Rhc8
18. Rd1 (18. Bg4 Qd6 19. Nxa5 Rc5 $5 20. Nxb7 Rxa4 21. Rxa4 Qg6 $1 22. O-O Qxg4
23. Nxc5 Nxc5 24. Rxb4 Qe2 25. h3 g6 $17 {Naumann,A-Stangl,M/BL 9697/1996/})
18... Nc5 19. Nxc5 Rxc5 20. O-O {White's plan in this unbalanced situation is
an all-out attack against Black's K, while trying to keep Black's o^ a+b at
bay as long as possible. The conflict between White's central strategy and
Black's flank o^ is even sharper here, then after 12.bxc4.} Kf8 $5 ({It all
went nicely for White after} 20... Ra6 $2 21. Qc2 $1 a4 22. f4 b3 23. Qe4 Kd6
24. Qxh7 e4 25. Qxe4 a3 26. Qd3 b2 27. Qb3 Bc8 28. Qb8+ Kd7 29. Bg4+ Kd8 30. d6
a2 31. d7 {1-0,Gelfand,B-Piket,J/Amsterdam/1996/}) 21. f4 Rd8 22. Kh1 (22. Qa1
Re8 23. Qb1 Kg8 24. Bd3 h6 25. fxe5 Qxe5 26. Rf3 Ba6 27. Qa2 Qc3 $36 {Gelfand,
B-Vaisser,A/Cap d`Agde act/1996/}) 22... Kg8 23. Bd3 $13 e4 $6 24. Bxe4 Rxc4
25. Bd3 Rc5 26. e4 Qc3 27. Bb5 f5 28. Qxa5 Rf8 29. Qb6 Ba8 30. Bd7 fxe4 31. Qd6
Rcc8 32. Bxc8 Qxc8 33. Qxb4 {1-0,Nikolaidis,I-Mastrovasilis,D/Athens/1998/})
11... b4 12. Bb2 Nf6 13. Bd3 Nbd7 ({The attempt to force exchanges costs Black
precious time, moreover Bb7 plays an important role in the support of Black's
pawns:} 13... Be4 $6 14. Bxe4 Nxe4 15. Qc2 Nf6 16. e4 Nfd7 17. O-O O-O 18. c5
Qc7 19. Rfc1 Rc8 20. Qd2 Ra6 21. h4 Nf6 22. d5 $1 Nxe4 23. Qd4 Nf6 24. d6 Qb7
25. Ne5 Nc6 26. Nxc6 Qxc6 27. g4 $1 $40 {Knaak,R-Vera,R/Berlin/1982/}) 14. O-O
O-O {The basic position of this line. What is stronger-the central pawns
supported by a ^^, or the potentially dangerous duo a+b? White's nearest task
is to set his e-pawn in motion without allowing Black a timely blockade by e5.}
15. Re1 {Today the main move.} ({An older continuation is} 15. Qc2 Qc7 16. e4 (
16. c5 h6 17. e4 Bc6 $1 18. Rfb1 a4 19. Nd2 $13 (19. Bc1 $2 {Van Wely,L-Serper,
G/Helsinki/1992/} Qb7 $1 20. Nd2 b3 $19)) 16... e5 $1 17. Rfe1 h6 (17... Rfe8
18. c5 Ba6 $5 19. Bxa6 Rxa6 20. dxe5 Ng4 21. Red1 Ngxe5 22. Nxe5 Nxe5 23. Rd5
h6 24. h3 Rae6 $132 {Bellon Lopez,J-Flear,G/Bern/1992/}) 18. c5 exd4 19. Bxd4
Rfe8 20. e5 Nd5 21. e6 Rxe6 22. Rxe6 fxe6 23. Re1 Nf4 24. Be4 Rc8 25. g3 $5 (
25. Ne5 $6 Bxe4 26. Qxe4 Nd5 $15) 25... Nh3+ 26. Kg2 Ng5 27. Nxg5 hxg5 28. Kg1
Bxe4 29. Qxe4 Qc6 30. Qg6 e5 {1/2,Van Wely,L-Dorfman,J/Brusel zt/1993/} 31.
Qxg5 Qf6 32. Qg4 exd4 33. Qxd7 Rxc5 34. Qe8+ Qf8 35. Qg6 $1 Rc8 36. Qe6+ $11) (
{Then the interest shifted to} 15. Nd2 {Black must not allow f4, followed by a
swift advance of the e-pawn:} e5 (15... Qc7 $6 16. f4 a4 17. e4 a3 18. Bc1 $36
{[%csl Gc4,Gd4,Ge4,Gf4] [+]}) (15... Re8 $5 {/\} 16. f4 Nc5) 16. Re1 Qc7 17.
Nf1 Rfe8 $1 18. Ng3 $5 (18. f3 $6 e4 19. Be2 exf3 20. gxf3 Nh5 21. c5 Re6 22.
Bd3 Qd8 23. Qe2 Nf4 24. Qd2 Nxd3 25. Qxd3 Ne5 {0-1,Hoeksema,H-Van der Werf,M/
NLD-ch/1994/}) 18... a4 19. Rb1 b3 20. Ba3 g6 21. Qd2 Ba6 22. Rec1 h5 23. f3
Qa7 24. Qf2 $13 {Cramling,P-Gdanski,J/Osterskars/1995/}) 15... Ne4 $5 {[%mdl 4]
Sometimes it takes a long time to realize the simplest things. It's a good
idea to prevent e4 literally manually! Krasenkov's following play is a model
of central restrainment strategy.} ({Much weaker is the typical move} 15... Qc7
$143 $6 16. e4 e5 17. c5 $1 exd4 (17... Rfe8 18. Rc1 Ba6 19. c6 Nf8 20. Bxa6
Rxa6 21. d5 $16 {/+-}) 18. Rc1 Ne5 (18... Rac8 19. c6 $1 Bxc6 20. e5 Nd5 21.
Nxd4 Nxe5 22. Nxc6 {/\Qh5+-}) (18... Ng4 $2 19. c6 Bxc6 20. Bb5 {/\Nd4 These
lines show the difference compared to 15.Qc2-White's R is much more deadly on
the c-file.}) 19. c6 $1 Ba6 20. Bxa6 $1 (20. Nxe5 Qxe5 21. Bxa6 Rxa6 22. Qd3
Raa8 23. Bxd4 Qe6 24. Qb5 Rfc8 25. Bxf6 gxf6 26. e5 Rab8 27. Qxa5 Rxc6 28. exf6
Qxf6 29. Rxc6 Qxc6 30. Qg5+ Qg6 $11 {Bareev,E-Sveshnikov,E/Vienna/1996/}) 20...
Nxf3+ (20... Rxa6 21. Nxd4 Nxc6 22. e5 Nd7 23. e6 Nf6 24. exf7+ Kxf7 25. Qb3+
Kg6 26. Qd3+ {1-0,Eriksson,J-Hellstrom,A/Haninge/1997/}) 21. Qxf3 Rxa6 22. e5
Ne8 23. Bxd4 Qc8 24. Bc5 Rxc6 25. Qe3 {1-0,Chuzman,A-Koutsin,S/EUCup Olomouc/
1996/}) ({Better, but less consequent is} 15... Re8 $142 16. c5 $1 Bc6 17. Bc2
({Also interesting is the sharp} 17. e4 $5 a4 18. Bc2 Qc7 $5 19. e5 b3 $13 {
Kogan,A-Nikolov,S/Bled op/1998/}) 17... Ne4 $1 {Even here this idea is the
most effective.} (17... Qb8 $143 $6 18. e4 h6 19. Nd2 Qa7 20. Ba4 Qa6 21. Qe2
Qxe2 22. Rxe2 Nb8 {Prie,E-Van der Worm,T/Andorra/1997/} 23. Nc4 $16 {This game
shows another facet of White's strategy-a << blockade. Despite the exchange of
Q the _|_ is clearly in his favour.}) 18. Re2 (18. Ba4 Qc7 19. Nd2 Bxa4 20.
Rxa4 Ndxc5 21. dxc5 Rad8 22. Bd4 Nxd2 23. Qxd2 e5 24. h3 h6 25. Rc1 exd4 26.
exd4 Rd5 $36 {Piket,J-Ivanchuk,V/Monte Carlo/1999/}) 18... Qc7 19. Nd2 $13 {
1/2,Ionov,S-Popov,V/St Petersburg/1998/}) (15... Be4 $6 16. Bxe4 Nxe4 17. Qc2
Ndf6 18. Ne5 Qc7 19. f3 Nd6 {Halay,T-Grachev,B/Oropesa del Mar U12/1998/} 20.
c5 $36 {As we already mentioned, the exchange of Bb7 practically stops Black's
pawns.}) 16. Nd2 $5 {Black's Ne4 is so unpleasant White doesn't shy away from
further exchanges to get rid of it.} ({Another about equivalent possibility is
} 16. c5 Bc6 17. Bc2 Qc7 18. Ba4 Rfc8 $11 {Compared to 15...Re8 Black has
saved a tempo and he has no problems.} (18... Rfb8 $5) 19. Bxc6 $6 Qxc6 20. Qa4
Qxa4 21. Rxa4 Ndxc5 $5 22. dxc5 Nxc5 23. Raa1 a4 24. Bd4 Nb3 $17 {Van
Beers-Kroeze/NLD-chT/1998/}) (16. Qc2 f5 $1 {doesn't solve White's problem
with the Ne4.} (16... Ndf6 $2 17. Ne5 $16)) 16... Nxd2 17. Qxd2 Qc7 18. c5 $146
(18. e4 $143 $2 e5 19. Re3 exd4 20. Bxd4 Ne5 $17 {Ellers,H-Stangl,M/BL 9798/
1997/} (20... Nc5 $5 $36)) 18... f5 (18... e5 $143 $6 19. Rac1 $36 {/\c6}) 19.
f3 ({Tempting is} 19. e4 $5 fxe4 ({Insufficient is the tactical} 19... Nf6 20.
exf5 Ng4 21. g3 $5 exf5 22. Qg5 $1 $16) 20. Bxe4 Bxe4 21. Rxe4 Nf6 (21... Qc6
22. Rae1 Rf6 $5 $13 (22... Rfe8 $2 23. d5 $40)) 22. Rxe6 Ng4 23. Rd6 Rxf2 24.
Qg5 $1 $13 {[]} (24. Qd1 $2 Rxg2+ $1 $19) (24. Qc1 $2 Qe7 $19)) 19... Nf6 20.
Bc4 (20. e4 $6 {is now premature} fxe4 21. fxe4 Ng4 22. g3 Rf2 23. Re2 Raf8 $40
{[%cal Rg4h2] /\Nh2}) (20. h3 $5 $13 {with gradual central expansion deserved
attention.}) 20... Bd5 21. Bxd5 (21. Bd3 Bc6 $1 {enables Black to place his B
on a better square.}) 21... Nxd5 $5 (21... exd5 {seemingly buries the white B
and wins the battle for e4. But the position becomes too static and after} 22.
Ra4 ({or} 22. Qc2 $5 $14 {[%cal Yb2c1,Yc1d2,Yd2e1,Ye1g3] Black's pawns are
stopped. White can gradually activate his B via e1 and g3.})) 22. e4 $6 {
This natural move is suprisingly connected with a rather high degree of risk.}
({More patient is the prophylactic} 22. Qc2 $142 $1 $13 {/\} Qc6 23. Qa4) ({
Also playable is} 22. Ra4 e5 $5 23. dxe5 $5 (23. Rea1 e4) (23. e4 fxe4 24. Rxe4
(24. fxe4 Nf4 $17) 24... Qc6 $36) 23... Qxc5 24. Bd4 $11) 22... fxe4 23. fxe4
Nf6 24. h3 $2 {This move loses time and certainly deserves a question-mark.} (
24. d5 Ng4 $1 $17 (24... Qxc5+ $6 25. Bd4 $15)) ({White should have played the
consequent} 24. Rac1 $1 {/\d5} Ng4 25. g3 Rf2 26. Re2 Raf8 {Here Nh2 is not
such a terrible threat, White seemingly has 2 alternatives:} 27. d5 $5 (27. c6
Nxh2 (27... a4 $5 $13) 28. Rxf2 Qxg3+ 29. Kh1 $5 (29. Rg2 Nf3+ 30. Kh1 $11)
29... Rxf2 30. Qxf2 Qxf2 31. c7 $11) 27... Nxh2 28. Rxf2 Qxg3+ 29. Rg2 Nf3+ 30.
Kh1 Qh4+ (30... Qh3+ 31. Rh2 Nxh2 32. Qxh2 Rf1+ $11) 31. Rh2 Qxe4 32. Qe2 $1 (
32. Qg2 $2 Ne1 $3 $19) 32... Ne1+ 33. Kg1 $1 {[]} Nf3+ $11) 24... Qc6 25. Qd3
$2 {And this costs the game for sure.} (25. d5 $1 {[]} Qxc5+ (25... exd5 26.
Bxf6 Rxf6 27. Qxd5+ {/\Reb1 and Black's pawns are vulnerable}) 26. Bd4 Qe7 27.
d6 $1 $15 {White has activated his B and has a strong o^d6, it's not easy at
all for Black to prove his advantage convincingly.}) 25... a4 26. d5 $8 exd5 $1
(26... Qxc5+ $143 $6 27. Bd4) 27. Bxf6 Qxf6 28. Qxd5+ (28. exd5 $2 Qf2+ {
/\Qc5 This is a key difference, compared to 25.d5!}) 28... Qf7 29. c6 b3 30. c7
({Slightly better was the passive} 30. Reb1 Rfd8 31. Qc5 (31. Qxf7+ $6 Kxf7 32.
Ra3 Ke6 $19) 31... h6 $5 $17 {/-+,/\Rdc8,Ra6 Black gradually surrounds and
captures Pc6.} (31... Qa7 $2 32. Qxa7 Rxa7 33. c7 $11 {/\Ra4,Rb3.})) (30. Rf1
Qxd5 31. exd5 b2 32. Rxf8+ Kxf8 33. Rf1+ Ke7 $19) (30. Ra3 Rfd8 31. Qc5 Rd2 (
31... Qa7 $5 $19) 32. c7 Rc8 33. Rxa4 Qxc7 34. Qxc7 Rxc7 $19 {[%csl Gb3][%cal
Rc7c2] _|_,o^b3,/\Rcc2}) 30... Rfc8 31. Rac1 $8 b2 $1 $19 {This temporary
R-sacrifice is decisive.} 32. Qxa8 (32. Rc6 Qxd5 33. exd5 a3 $19) 32... Rxa8
33. c8=Q+ Rxc8 34. Rxc8+ Qf8 35. Rxf8+ Kxf8 36. Rb1 a3 37. Kf2 Ke7 38. Ke3 a2
39. Rxb2 a1=Q 0-1